| 000 | 01151pam a2200409 i 4500 | ||
|---|---|---|---|
| 001 | vtls000735477 | ||
| 003 | PNM | ||
| 005 | 20221218100449.0 | ||
| 008 | 140311s2014 my e 000 f may | ||
| 015 | _aM14-07637 | ||
| 020 |
_a9789670535975 _qpaperback _cRM00.00 |
||
| 039 | 9 |
_a201506161123 _bfaezah _c201411101616 _dnooraini _c201407030919 _dkhuraisah |
|
| 040 |
_aBNM _beng _cBNM _dBNM _dPNM _dPPAK _erda |
||
| 049 | _aklpmal | ||
| 082 | 0 | 4 |
_a899.2333 _223 |
| 090 | 0 | 0 |
_a899.2333 _bSIT _dG |
| 100 | 0 |
_aSiti Rozilah, _eauthor. |
|
| 245 | 1 | 0 |
_aawEKKu KEMBAR / _cSITI ROZILAH |
| 264 | 1 |
_aShah Alam, Selangor : _bGRUP BUKU KARANGKRAF, _c2014 |
|
| 300 |
_a636 pages : _c19 cm |
||
| 336 |
_atext _2rdacontent |
||
| 337 |
_aunmediated _2rdamedia |
||
| 338 |
_avolume _2rdacarrier |
||
| 650 | 1 | 0 | _aMalaysian fiction (Malay) |
| 650 | 2 | 0 | _aMalay fiction |
| 942 |
_2ddc _cB |
||
| 949 | _61001265235 | ||
| 949 | _61001265236 | ||
| 949 | _61001265237 | ||
| 949 | _61001265238 | ||
| 949 | _61001265239 | ||
| 949 |
_61001265240 _s2101:20190130 |
||
| 949 | _61001265241 | ||
| 949 | _61001265242 | ||
| 949 | _61001265243 | ||
| 949 | _61001265244 | ||
| 999 |
_c189419 _d189419 |
||